Lacná cesta ako zapôsobiť?

Prieskum názorov pracovníkov reklamných agentúr na účinkovanie detí v reklame. Deti ako cieľová skupina. Výber a testovanie detí.

Saved in:
Bibliographic Details
Main Author: Hradiská, Elena
Format: Book Chapter
Language:Slovak
Subjects:
Tags: Add Tag
No Tags, Be the first to tag this record!

MARC

LEADER 00000naa a2200000 4500
001 r043581
005 20231003075522.0
041 0 |a slo 
044 |a SK 
245 1 0 |a Lacná cesta ako zapôsobiť?  |c Elena Hradiská 
520 |a Prieskum názorov pracovníkov reklamných agentúr na účinkovanie detí v reklame. Deti ako cieľová skupina. Výber a testovanie detí. 
610 2 0 |a reklama 
610 2 0 |a deti 
610 2 0 |a etika 
610 2 0 |a prieskum sociologický 
100 1 |a Hradiská, Elena